000 02267nam a22003497a 4500
005 20100910112221.0
010 _aB-428140-146 B-477243
020 _a9789350290019
_c450.00
035 _aB-428140-146 B-477243
037 _bPrakash Books
037 _bK.K.Pub/Ven
037 _bAllied/DE2010/CR/2777/16.3.11/280/4.3.11/30.3.11
082 _a796
100 _aMajumdar, Boria
_950888
245 _aSellotape legacy:
_bDelhi & the commonwealth games /
_cby Boria Majumdar (and) Nalin Mehta
260 _aNOIDA
_bHarper Collins Publishers
_c2010
270 _aA-53, Sector-57,
_bNOIDA
_e201301
300 _a302p.
_c25cm(Hb)
500 _aIncludes index
700 _aMehta, Nalin
_919381
942 _2ddc
_cEN
_h796
_mMAJ
999 _c45026
_d45026